Encyclopaedia of cities and towns in India. 27V. V. 12. Maharashtra. Part. 1 (A-M) (Record no. 42776)

MARC details
000 -LEADER
fixed length control field 00374nam a2200121Ia 4500
020 ## - INTERNATIONAL STANDARD BOOK NUMBER
ISBN :812120982X
082 ## - DEWEY DECIMAL CLASSIFICATION NUMBER
Classification number 915(540)MAH
Item number SES.12
100 ## - MAIN ENTRY--AUTHOR NAME
Personal name Seshagiri, N
245 #0 - TITLE STATEMENT
Title Encyclopaedia of cities and towns in India. 27V. V. 12. Maharashtra. Part. 1 (A-M)
260 ## - PUBLICATION, DISTRIBUTION, ETC. (IMPRINT)
Place of publication New Delhi
Name of publisher Gyan Publishing House
Year of publication 2008
942 ## - ADDED ENTRY ELEMENTS (KOHA)
Koha item type Books
Holdings
Withdrawn status Lost status Damaged status Not for loan Home library Current library Date acquired Full call number Accession Number Koha item type
        RRII Library RRII Library 16/12/2021 915(540)MAH SES.12 23041 Books